TheMico University College Library

“Do it with thy might”

Opening Hours

Mondays – Thursdays 8:00am – 10:00pm
Fridays 8:00am – 7:00pm
Saturdays 10:00am – 6:00pm
Sundays 10:00am – 5:00pm

The Paideia proposal : (Record no. 16371)

MARC details
000 -LEADER
fixed length control field 01112cam a2200301 a 4500
001 - CONTROL NUMBER
control field 1859899
003 - CONTROL NUMBER IDENTIFIER
control field OSt
005 - DATE AND TIME OF LATEST TRANSACTION
control field 20140903135140.0
008 - FIXED-LENGTH DATA ELEMENTS--GENERAL INFORMATION
fixed length control field 820330r1982 nyu 000 0 eng
010 ## - LIBRARY OF CONGRESS CONTROL NUMBER
LC control number 82007169
020 ## - INTERNATIONAL STANDARD BOOK NUMBER
International Standard Book Number 0020641001
040 ## - CATALOGING SOURCE
Original cataloging agency DLC
Transcribing agency The Mico University College
Modifying agency DLC
043 ## - GEOGRAPHIC AREA CODE
Geographic area code n-us---
050 00 - LIBRARY OF CONGRESS CALL NUMBER
Classification number LA210
Item number .A534 1982
082 00 - DEWEY DECIMAL CLASSIFICATION NUMBER
Classification number 370/.973 ADL
Edition number 19
100 1# - MAIN ENTRY--PERSONAL NAME
Dates associated with a name 1902-2001.
245 14 - TITLE STATEMENT
Title The Paideia proposal :
Remainder of title an educational manifesto /
Statement of responsibility, etc Mortimer J. Adler, on behalf of the members of the Paideia Group.
250 ## - EDITION STATEMENT
Edition statement 1st Macmillan paperbacks ed.
260 ## - PUBLICATION, DISTRIBUTION, ETC. (IMPRINT)
Place of publication, distribution, etc New York :
Name of publisher, distributor, etc Macmillan,
Date of publication, distribution, etc 1982.
300 ## - PHYSICAL DESCRIPTION
Extent xii, 84 p. ;
Dimensions 22 cm.
500 ## - GENERAL NOTE
General note First vol. of the author's trilogy; the 2nd of which is Paideia problems and possibilities, and the 3rd of which is The Paideia program.
650 #0 - SUBJECT ADDED ENTRY--TOPICAL TERM
Topical term or geographic name as entry element Education
General subdivision Aims and objectives
Geographic subdivision United States.
650 #0 - SUBJECT ADDED ENTRY--TOPICAL TERM
Topical term or geographic name as entry element Educational equalization
Geographic subdivision United States.
650 #0 - SUBJECT ADDED ENTRY--TOPICAL TERM
Topical term or geographic name as entry element Education
General subdivision Philosophy.
710 2# - ADDED ENTRY--CORPORATE NAME
Corporate name or jurisdiction name as entry element Paideia Group.
906 ## - LOCAL DATA ELEMENT F, LDF (RLIN)
a 7
b cbc
c orignew
d 1
e ocip
f 19
g y-gencatlg
942 ## - ADDED ENTRY ELEMENTS (KOHA)
Source of classification or shelving scheme Dewey Decimal Classification
Koha item type Book

No items available.